| 000 | 00733nam a22002417a 4500 | ||
|---|---|---|---|
| 003 | OSt | ||
| 008 | 260316b2023 |||||||| |||| 00| 0 eng d | ||
| 020 | _a9789357782166 | ||
| 082 |
_a657.3 _bAHU-T |
||
| 100 | _aAhuja, Narender L. | ||
| 245 |
_aTaxmann's financial accounting & analysis / _cNarender L. Ahuja and Varun Dawar |
||
| 250 | _aReprint July 2023 | ||
| 260 |
_aNew Delhi : _bTaxmann , _c2023. |
||
| 300 | _aI-22, 519 p. ; | ||
| 650 | _aFinancial accounting | ||
| 650 | _aFinancial statements—Analysis | ||
| 650 | _aAccounting—Standards | ||
| 650 | _aCorporate financial reporting | ||
| 650 | _aBusiness enterprises—Finance | ||
| 650 | _aCapital market—India | ||
| 700 | _aDawar, Varun | ||
| 942 |
_2ddc _cBK |
||
| 999 |
_c21618 _d21618 |
||